00620nam a2200121Ia 450000500170000000800410001708200130005810000260007124500870009726000570018430000120024150002450025320240610050052.0240331s9999 xx 000 0 und d a082bJOU aRoyal accitic society 0aJournal of the Ceylon Branch of the Royal Asiatic Society 1867-70 :bVol 14 no 13 aColombobThe Colombo Apothecarie's Company,Ltdc1954 a184 p., aThe design of the society is to institute and promote inquiries in to the History, Religious, Languages, Literature, Arts, Sciences and Social Conditions of the present and former inhabitants of the Island of Ceylon, and connected cultures.